[Event "World Chess Olympiad 2018"]
[Site "Batumi"]
[Date "2018.09.27"]
[Round "4"]
[Board "3"]
[WhiteFideId "6504779"]
[White "Jimenez Garcia Emmanuel"]
[BlackFideId "4300084"]
[Black "Ker Anthony F"]
[Result "1/2-1/2"]
[LiveChessVersion "1.4.8"]
[BlackElo "2315"]
[WhiteElo "2290"]

1. b3 {[%clk 1:30:46]} e5 {[%clk 1:27:41]} 2. Bb2 {[%clk 1:31:11]} Nc6
{[%clk 1:28:03]} 3. e3 {[%clk 1:31:36]} Nf6 {[%clk 1:26:41]} 4. Bb5
{[%clk 1:31:59]} Bd6 {[%clk 1:23:19]} 5. Na3 {[%clk 1:31:54]} a6 {[%clk 1:22:44]}
6. Bxc6 {[%clk 1:31:05]} dxc6 {[%clk 1:23:06]} 7. Nc4 {[%clk 1:30:53]} Qe7
{[%clk 1:22:43]} 8. Ne2 {[%clk 1:31:06]} Bg4 {[%clk 1:18:19]} 9. f3
{[%clk 1:24:13]} Bd7 {[%clk 1:13:36]} 10. O-O {[%clk 1:24:15]} O-O-O
{[%clk 1:09:44]} 11. f4 {[%clk 1:21:50]} exf4 {[%clk 1:08:03]} 12. Nxf4
{[%clk 1:22:13]} Rhg8 {[%clk 0:59:16]} 13. Qe2 {[%clk 0:46:39]} Ng4
{[%clk 0:55:35]} 14. h3 {[%clk 0:36:05]} Ne5 {[%clk 0:52:45]} 15. Bxe5
{[%clk 0:34:36]} Bxe5 {[%clk 0:53:07]} 16. Nxe5 {[%clk 0:35:02]} Qxe5
{[%clk 0:53:30]} 17. Nd3 {[%clk 0:24:24]} Qd5 {[%clk 0:41:33]} 18. e4
{[%clk 0:21:14]} Qd4+ {[%clk 0:35:29]} 19. Qf2 {[%clk 0:19:50]} Be6
{[%clk 0:34:54]} 20. Rae1 {[%clk 0:18:01]} Rge8 {[%clk 0:32:38]} 21. Re2
{[%clk 0:16:29]} f6 {[%clk 0:26:15]} 22. Qxd4 {[%clk 0:15:52]} Rxd4
{[%clk 0:26:39]} 23. Ne1 {[%clk 0:13:29]} Rd7 {[%clk 0:24:11]} 24. Nf3
{[%clk 0:13:14]} Rde7 {[%clk 0:24:08]} 25. Rfe1 {[%clk 0:12:16]} c5
{[%clk 0:19:06]} 26. d3 {[%clk 0:12:24]} Bd7 {[%clk 0:18:35]} 27. Kf2
{[%clk 0:11:53]} b6 {[%clk 0:16:48]} 28. g4 {[%clk 0:12:01]} h5 {[%clk 0:15:42]}
29. Kg3 {[%clk 0:10:44]} hxg4 {[%clk 0:14:22]} 30. hxg4 {[%clk 0:11:08]} Rh8
{[%clk 0:14:41]} 31. Rh2 {[%clk 0:08:00]} Rxh2 {[%clk 0:15:04]} 32. Nxh2
{[%clk 0:08:26]} Re8 33. Nf3 {[%clk 0:08:08]} Rh8 {[%clk 0:14:28]} 34. Nh4
{[%clk 0:07:56]} a5 {[%clk 0:13:44]} 35. a4 {[%clk 0:04:52]} Kd8 {[%clk 0:12:35]}
36. Nf5 {[%clk 0:04:09]} Rh7 {[%clk 0:07:55]} 37. Ne3 {[%clk 0:01:20]} Be6
{[%clk 0:07:56]} 38. Kg2 {[%clk 0:00:45]} Kd7 {[%clk 0:06:58]} 39. Nf5
{[%clk 0:00:40]} g6 {[%clk 0:06:09]} 40. Ne3 {[%clk 0:31:03]} Kd6
{[%clk 0:36:24]} 41. Kg3 {[%clk 0:27:56]} Ke5 {[%clk 0:31:38]} 42. Rf1
{[%clk 0:24:00]} Rf7 {[%clk 0:29:04]} 43. Rh1 {[%clk 0:14:39]} 1/2-1/2

[Event "World Chess Olympiad 2018"]
[Site "Batumi"]
[Date "2018.09.27"]
[Round "4"]
[Board "4"]
[WhiteFideId "4303962"]
[White "Gong Daniel Hanwen"]
[BlackFideId "6500072"]
[Black "Chinchilla Miranda Eugenio"]
[Result "1-0"]
[LiveChessVersion "1.4.8"]
[BlackElo "2206"]
[WhiteElo "2276"]

1. d4 {[%clk 1:30:57]} Nf6 {[%clk 1:30:48]} 2. Bf4 {[%clk 1:31:25]} g6
{[%clk 1:30:52]} 3. Nc3 {[%clk 1:31:53]} d5 {[%clk 1:31:00]} 4. e3
{[%clk 1:32:21]} Bg7 {[%clk 1:30:35]} 5. h4 {[%clk 1:32:50]} c5 {[%clk 1:22:52]}
6. Nb5 {[%clk 1:33:12]} Na6 {[%clk 1:19:13]} 7. c3 {[%clk 1:33:39]} Bf5
{[%clk 1:00:00]} 8. Be2 {[%clk 1:32:55]} h5 {[%clk 0:54:08]} 9. Nf3
{[%clk 1:32:52]} Bg4 {[%clk 0:40:44]} 10. Ne5 {[%clk 1:29:58]} Bxe2
{[%clk 0:40:34]} 11. Qxe2 {[%clk 1:30:25]} Qb6 {[%clk 0:31:36]} 12. a4
{[%clk 1:26:44]} cxd4 {[%clk 0:27:06]} 13. exd4 {[%clk 1:25:36]} Qe6
{[%clk 0:26:16]} 14. O-O {[%clk 1:23:08]} O-O {[%clk 0:22:31]} 15. Rfe1
{[%clk 1:12:55]} Qf5 {[%clk 0:21:58]} 16. Bg5 {[%clk 1:11:40]} Rfe8
{[%clk 0:20:52]} 17. f3 {[%clk 1:00:40]} Nh7 {[%clk 0:16:46]} 18. g4
{[%clk 0:56:22]} hxg4 {[%clk 0:14:07]} 19. fxg4 {[%clk 0:56:49]} Qc8
{[%clk 0:09:55]} 20. Qf3 {[%clk 0:53:59]} Nxg5 {[%clk 0:05:27]} 21. hxg5
{[%clk 0:54:07]} Bxe5 {[%clk 0:03:24]} 22. Rxe5 {[%clk 0:54:15]} Kg7
{[%clk 0:02:37]} 23. Rf1 {[%clk 0:53:43]} Kh8 {[%clk 0:01:43]} 24. Re2
{[%clk 0:52:57]} 1-0

[Event "World Chess Olympiad 2018"]
[Site "Batumi"]
[Date "2018.09.27"]
[Round "4"]
[Board "1"]
[WhiteFideId "13800574"]
[White "Tologontegin Semetey"]
[BlackFideId "6702309"]
[Black "Giron Jorge Ernesto"]
[Result "1/2-1/2"]
[LiveChessVersion "1.4.8"]
[BlackElo "2303"]
[WhiteElo "2419"]

1. e4 {[%clk 1:30:57]} c5 {[%clk 1:30:43]} 2. Nf3 {[%clk 1:31:17]} d6
{[%clk 1:31:09]} 3. d4 {[%clk 1:29:53]} cxd4 {[%clk 1:31:33]} 4. Qxd4
{[%clk 1:29:53]} a6 {[%clk 1:31:51]} 5. c4 {[%clk 1:23:33]} Nf6 {[%clk 1:24:12]}
6. h3 {[%clk 1:21:31]} g6 {[%clk 1:13:46]} 7. Be2 {[%clk 1:04:23]} Bg7
{[%clk 1:13:51]} 8. O-O {[%clk 1:04:29]} O-O {[%clk 1:13:32]} 9. Qe3
{[%clk 1:04:21]} Be6 {[%clk 1:00:23]} 10. Ng5 {[%clk 0:32:58]} Qc7
{[%clk 0:59:40]} 11. Bd2 {[%clk 0:18:22]} Nc6 {[%clk 0:55:56]} 12. Nc3
{[%clk 0:16:16]} Nd7 {[%clk 0:52:56]} 13. Rac1 {[%clk 0:12:32]} Nd4
{[%clk 0:51:30]} 14. b3 {[%clk 0:12:48]} Rac8 {[%clk 0:50:36]} 15. Qg3
{[%clk 0:12:53]} b5 {[%clk 0:49:34]} 16. Qh4 {[%clk 0:12:43]} h6 {[%clk 0:45:11]}
17. Nxe6 {[%clk 0:12:51]} fxe6 {[%clk 0:45:38]} 18. Bg4 {[%clk 0:03:01]} g5
{[%clk 0:43:45]} 19. Qg3 {[%clk 0:03:25]} bxc4 {[%clk 0:41:51]} 20. bxc4
{[%clk 0:03:05]} Ne5 {[%clk 0:35:09]} 21. Be3 {[%clk 0:03:26]} Nxg4
{[%clk 0:26:23]} 22. Qxg4 {[%clk 0:02:17]} Kh7 {[%clk 0:26:15]} 23. Ne2
{[%clk 0:01:39]} Nxe2+ {[%clk 0:23:35]} 24. Qxe2 {[%clk 0:02:07]} Qa5
{[%clk 0:22:49]} 25. Rc2 {[%clk 0:02:05]} Qe5 {[%clk 0:20:58]} 26. Qd3
{[%clk 0:02:34]} Rc6 {[%clk 0:20:20]} 27. Rfc1 {[%clk 0:01:56]} Rfc8
{[%clk 0:19:51]} 28. g3 {[%clk 0:02:06]} Kh8 {[%clk 0:19:56]} 29. f4
{[%clk 0:01:52]} gxf4 {[%clk 0:20:18]} 30. gxf4 {[%clk 0:02:19]} Qh5
{[%clk 0:20:37]} 31. Kh2 {[%clk 0:02:36]} d5 {[%clk 0:10:13]} 32. e5
{[%clk 0:00:47]} dxc4 {[%clk 0:06:46]} 33. Rxc4 {[%clk 0:01:09]} Rxc4
{[%clk 0:07:13]} 34. Rxc4 {[%clk 0:01:36]} Rxc4 {[%clk 0:07:39]} 35. Qxc4
{[%clk 0:02:03]} Qf3 {[%clk 0:08:00]} 36. Qc8+ {[%clk 0:02:22]} Kh7
{[%clk 0:08:25]} 37. Qc2+ {[%clk 0:02:49]} Kh8 {[%clk 0:08:50]} 38. Qc8+
{[%clk 0:03:16]} Kh7 {[%clk 0:09:16]} 39. Qc2+ {[%clk 0:03:44]} Kh8
{[%clk 0:09:36]} 40. Qf2 {[%clk 0:33:58]} Qe4 {[%clk 0:36:40]} 41. Bc5
{[%clk 0:31:37]} Bxe5 {[%clk 0:31:50]} 42. fxe5 {[%clk 0:31:08]} Qxe5+
{[%clk 0:32:16]} 43. Kg2 {[%clk 0:27:14]} Qg5+ {[%clk 0:32:41]} 44. Kf1
{[%clk 0:27:16]} Qc1+ {[%clk 0:33:07]} 45. Ke2 {[%clk 0:27:33]} Qc2+
{[%clk 0:33:33]} 46. Kf3 {[%clk 0:27:52]} Qf5+ {[%clk 0:33:59]} 47. Kg3
{[%clk 0:27:57]} Qg5+ {[%clk 0:34:23]} 48. Kh2 {[%clk 0:28:23]} Qe5+
{[%clk 0:34:49]} 49. Kg2 {[%clk 0:28:19]} Qg5+ {[%clk 0:35:13]} 50. Kh1
{[%clk 0:28:45]} Qd5+ {[%clk 0:35:39]} 51. Kg1 {[%clk 0:25:42]} Qg5+
{[%clk 0:36:04]} 52. Kh1 {[%clk 0:25:35]} Qd5+ {[%clk 0:36:26]} 1/2-1/2

[Event "World Chess Olympiad 2018"]
[Site "Batumi"]
[Date "2018.09.27"]
[Round "4"]
[Board "2"]
[WhiteFideId "6700098"]
[White "Chavez Ricardo Ernesto"]
[BlackFideId "13801163"]
[Black "Taalaibekov Tagir"]
[Result "0-1"]
[LiveChessVersion "1.4.8"]
[BlackElo "2291"]
[WhiteElo "2244"]

1. e4 {[%clk 1:30:57]} d6 {[%clk 1:30:53]} 2. d4 {[%clk 1:31:18]} Nf6
{[%clk 1:31:14]} 3. Nc3 {[%clk 1:31:41]} Nbd7 {[%clk 1:31:40]} 4. Be3
{[%clk 1:31:50]} e5 {[%clk 1:31:47]} 5. f3 {[%clk 1:32:14]} Be7 {[%clk 1:31:56]}
6. Qd2 {[%clk 1:32:38]} c6 {[%clk 1:32:15]} 7. O-O-O {[%clk 1:32:43]} Qc7
{[%clk 1:31:33]} 8. g4 {[%clk 1:32:40]} b6 {[%clk 1:30:54]} 9. g5
{[%clk 1:31:11]} Nh5 {[%clk 1:30:11]} 10. d5 {[%clk 1:29:42]} c5 {[%clk 1:28:37]}
11. Nge2 {[%clk 1:29:25]} a6 {[%clk 1:27:13]} 12. Ng3 {[%clk 1:27:27]} Nxg3
{[%clk 1:27:39]} 13. hxg3 {[%clk 1:27:51]} b5 {[%clk 1:26:37]} 14. f4
{[%clk 1:26:44]} exf4 {[%clk 1:10:26]} 15. gxf4 {[%clk 1:23:24]} Nb6
{[%clk 1:10:48]} 16. e5 {[%clk 1:21:12]} Bg4 {[%clk 1:08:33]} 17. Re1
{[%clk 1:19:12]} O-O-O {[%clk 1:02:22]} 18. Bxb5 {[%clk 0:49:26]} axb5
{[%clk 1:01:27]} 19. Nxb5 {[%clk 0:49:49]} Qb7 {[%clk 0:51:10]} 20. exd6
{[%clk 0:36:26]} Bxd6 {[%clk 0:50:08]} 21. Qg2 {[%clk 0:26:02]} Bf5
{[%clk 0:49:03]} 22. b3 {[%clk 0:17:36]} Qxd5 {[%clk 0:39:32]} 23. Qf2
{[%clk 0:10:04]} Bb8 {[%clk 0:36:27]} 24. Bxc5 {[%clk 0:08:37]} Nd7
{[%clk 0:33:54]} 25. Na7+ {[%clk 0:03:47]} Kb7 {[%clk 0:34:09]} 26. Rd1
{[%clk 0:03:04]} Qe4 {[%clk 0:33:59]} 27. Nb5 {[%clk 0:01:56]} Bxf4+
{[%clk 0:29:46]} 28. Kb1 {[%clk 0:00:40]} Qxc2+ {[%clk 0:28:35]} 29. Qxc2
{[%clk 0:00:57]} Bxc2+ {[%clk 0:28:58]} 30. Kxc2 {[%clk 0:01:23]} Nxc5
{[%clk 0:29:07]} 31. Rdf1 {[%clk 0:00:40]} Ne6 {[%clk 0:29:15]} 32. Rh4
{[%clk 0:00:49]} Rd2+ {[%clk 0:19:05]} 33. Kb1 {[%clk 0:00:56]} Re8
{[%clk 0:10:47]} 34. a4 {[%clk 0:00:52]} Re7 {[%clk 0:09:16]} 35. Na3
{[%clk 0:00:32]} Rd4 {[%clk 0:07:12]} 36. Nb5 {[%clk 0:00:33]} Rd2
{[%clk 0:05:54]} 37. Na3 {[%clk 0:00:50]} Rg2 {[%clk 0:06:12]} 38. Nc2
{[%clk 0:00:37]} Rc7 {[%clk 0:05:15]} 39. Na3 {[%clk 0:00:50]} Rc3
{[%clk 0:04:48]} 0-1

[Event "World Chess Olympiad 2018"]
[Site "Batumi"]
[Date "2018.09.27"]
[Round "4"]
[Board "3"]
[WhiteFideId "13800337"]
[White "Abdyjapar Asyl"]
[BlackFideId "6700284"]
[Black "Arias Lemnys A."]
[Result "1-0"]
[LiveChessVersion "1.4.8"]
[BlackElo "2294"]
[WhiteElo "2372"]

1. d4 {[%clk 1:30:41]} d5 {[%clk 1:30:48]} 2. c4 {[%clk 1:31:05]} c6
{[%clk 1:31:12]} 3. Nf3 {[%clk 1:31:32]} Nf6 {[%clk 1:31:37]} 4. e3
{[%clk 1:31:58]} Bf5 {[%clk 1:31:01]} 5. Nc3 {[%clk 1:32:23]} e6 {[%clk 1:31:23]}
6. Nh4 {[%clk 1:32:49]} Bg4 {[%clk 1:31:24]} 7. Qb3 {[%clk 1:32:58]} Qb6
{[%clk 1:31:46]} 8. Bd2 {[%clk 1:32:50]} Be7 {[%clk 1:26:11]} 9. h3
{[%clk 1:33:07]} Bh5 {[%clk 1:26:01]} 10. g4 {[%clk 1:32:35]} Bg6
{[%clk 1:22:40]} 11. Nxg6 {[%clk 1:32:59]} hxg6 12. Bg2 {[%clk 1:33:08]} Nbd7
{[%clk 1:23:25]} 13. O-O-O {[%clk 1:30:43]} O-O-O {[%clk 1:17:50]} 14. Qa4
{[%clk 1:25:52]} dxc4 {[%clk 1:14:12]} 15. Qxc4 {[%clk 1:26:16]} Kb8
{[%clk 1:14:39]} 16. Kb1 {[%clk 1:26:11]} Qc7 {[%clk 1:14:41]} 17. Qb3
{[%clk 1:21:56]} Nd5 {[%clk 1:11:21]} 18. Rc1 {[%clk 1:18:42]} Qb6
{[%clk 1:07:53]} 19. Qc4 {[%clk 1:18:21]} Qc7 {[%clk 1:01:23]} 20. e4
{[%clk 1:15:11]} N7b6 {[%clk 1:01:40]} 21. Qb3 {[%clk 1:14:15]} Nxc3+
{[%clk 1:01:46]} 22. Qxc3 {[%clk 1:14:20]} Bd6 {[%clk 0:57:22]} 23. Qe3
{[%clk 1:08:58]} e5 {[%clk 0:55:33]} 24. d5 {[%clk 1:07:33]} c5 {[%clk 0:55:56]}
25. Bf1 {[%clk 1:02:33]} Qd7 {[%clk 0:48:13]} 26. Qb3 {[%clk 1:01:12]} f5
{[%clk 0:46:07]} 27. gxf5 {[%clk 1:00:59]} gxf5 {[%clk 0:46:30]} 28. f3
{[%clk 0:56:20]} fxe4 {[%clk 0:42:29]} 29. fxe4 {[%clk 0:55:35]} Rdf8
{[%clk 0:42:47]} 30. Be2 {[%clk 0:50:17]} Qe7 {[%clk 0:32:58]} 31. Be3
{[%clk 0:48:20]} Nd7 {[%clk 0:32:51]} 32. Bg4 {[%clk 0:46:36]} Nf6
{[%clk 0:28:26]} 33. Bf5 {[%clk 0:46:26]} Nh5 {[%clk 0:28:37]} 34. Rhg1
{[%clk 0:45:23]} Nf4 {[%clk 0:28:52]} 35. Qb5 {[%clk 0:43:57]} a6
{[%clk 0:24:12]} 36. Qc4 {[%clk 0:42:53]} Nxh3 {[%clk 0:12:24]} 37. Rg6
{[%clk 0:37:05]} Rf6 {[%clk 0:10:54]} 38. Rxf6 {[%clk 0:35:28]} Qxf6
{[%clk 0:11:17]} 39. Bxc5 {[%clk 0:29:38]} Nf4 {[%clk 0:07:46]} 40. Bf2
{[%clk 0:55:16]} Qd8 {[%clk 0:34:52]} 41. a3 {[%clk 0:54:41]} Ka8
{[%clk 0:27:36]} 42. Qa4 {[%clk 0:45:00]} Qe7 {[%clk 0:26:07]} 43. Rc6
{[%clk 0:43:28]} Kb8 {[%clk 0:18:40]} 44. Qb3 {[%clk 0:39:25]} Ka8
{[%clk 0:08:33]} 45. Qb6 {[%clk 0:37:17]} Bb8 {[%clk 0:08:26]} 46. d6
{[%clk 0:37:31]} Rh1+ {[%clk 0:04:37]} 47. Kc2 {[%clk 0:37:46]} Qg5
{[%clk 0:01:16]} 48. Rc7 {[%clk 0:36:40]} Rc1+ {[%clk 0:01:17]} 49. Kb3
{[%clk 0:37:03]} 1-0

[Event "World Chess Olympiad 2018"]
[Site "Batumi"]
[Date "2018.09.27"]
[Round "4"]
[Board "4"]
[WhiteFideId "6700187"]
[White "Burgos Figueroa Carlos E."]
[BlackFideId "13800027"]
[Black "Mamatov Melis"]
[Result "1/2-1/2"]
[LiveChessVersion "1.4.8"]
[BlackElo "2196"]
[WhiteElo "2222"]

1. e4 {[%clk 1:30:51]} e6 {[%clk 1:30:48]} 2. d3 {[%clk 1:29:45]} d5
{[%clk 1:31:02]} 3. Nd2 {[%clk 1:30:11]} c5 {[%clk 1:31:00]} 4. Ngf3
{[%clk 1:30:28]} Nc6 {[%clk 1:31:18]} 5. g3 {[%clk 1:30:54]} g6 {[%clk 1:29:27]}
6. Bg2 {[%clk 1:31:19]} Bg7 {[%clk 1:29:56]} 7. O-O {[%clk 1:23:47]} Nge7
{[%clk 1:30:09]} 8. c3 {[%clk 1:22:01]} b6 {[%clk 1:28:38]} 9. exd5
{[%clk 1:20:53]} exd5 {[%clk 1:26:24]} 10. Nb3 {[%clk 1:21:13]} O-O
{[%clk 1:24:51]} 11. Re1 {[%clk 1:21:17]} h6 {[%clk 1:24:21]} 12. d4
{[%clk 1:20:04]} c4 {[%clk 1:16:16]} 13. Nbd2 {[%clk 1:20:33]} Be6
{[%clk 1:15:53]} 14. Nf1 {[%clk 1:19:04]} Qd7 {[%clk 1:13:27]} 15. h4
{[%clk 1:19:23]} Rae8 {[%clk 1:12:25]} 16. Bf4 {[%clk 1:19:38]} f6
{[%clk 1:11:00]} 17. Qd2 {[%clk 1:13:07]} h5 {[%clk 0:55:31]} 18. Bh6
{[%clk 1:10:53]} Nf5 {[%clk 0:51:52]} 19. Bxg7 {[%clk 1:10:47]} Kxg7
{[%clk 0:52:21]} 20. Re2 {[%clk 1:10:07]} Nd6 {[%clk 0:51:29]} 21. Rae1
{[%clk 1:10:30]} Ne4 {[%clk 0:45:53]} 22. Qc1 {[%clk 0:58:19]} b5
{[%clk 0:41:44]} 23. N1d2 {[%clk 0:53:07]} Nd6 {[%clk 0:38:22]} 24. Nh2
{[%clk 0:52:23]} Bf7 {[%clk 0:35:46]} 25. Ndf1 {[%clk 0:51:42]} Rxe2
{[%clk 0:34:11]} 26. Rxe2 {[%clk 0:51:10]} Re8 {[%clk 0:28:00]} 27. Rxe8
{[%clk 0:51:22]} Qxe8 {[%clk 0:27:25]} 28. Qf4 {[%clk 0:49:20]} Qb8
{[%clk 0:16:35]} 29. Ne3 {[%clk 0:48:54]} Ne4 {[%clk 0:16:43]} 30. Bxe4
{[%clk 0:39:17]} Qxf4 {[%clk 0:16:37]} 31. gxf4 {[%clk 0:39:46]} dxe4
{[%clk 0:17:06]} 32. Nhf1 {[%clk 0:40:05]} Ne7 {[%clk 0:07:49]} 33. Kg2
{[%clk 0:29:29]} Bd5 {[%clk 0:05:26]} 34. Kg3 {[%clk 0:29:34]} Kf7
{[%clk 0:04:54]} 35. f5 {[%clk 0:22:35]} g5 {[%clk 0:05:02]} 36. Nd2
{[%clk 0:22:59]} Bc6 {[%clk 0:03:31]} 37. a4 {[%clk 0:20:13]} a6 {[%clk 0:03:36]}
38. axb5 {[%clk 0:20:42]} axb5 {[%clk 0:03:57]} 39. b3 {[%clk 0:20:35]} cxb3
{[%clk 0:02:59]} 40. Nxb3 {[%clk 0:51:04]} Bd7 {[%clk 0:32:42]} 41. d5
{[%clk 0:45:34]} Nxf5+ {[%clk 0:31:35]} 42. Nxf5 {[%clk 0:46:00]} Bxf5
{[%clk 0:32:03]} 43. d6 {[%clk 0:46:15]} Be6 {[%clk 0:25:19]} 44. Nc5
{[%clk 0:44:44]} Bd5 {[%clk 0:25:20]} 45. Kh3 {[%clk 0:43:43]} Ke8
{[%clk 0:21:24]} 46. Kg3 {[%clk 0:43:57]} Bc6 {[%clk 0:21:21]} 47. Kh3
{[%clk 0:42:18]} Bd7+ {[%clk 0:21:11]} 48. Kg3 {[%clk 0:42:37]} Bf5
{[%clk 0:19:52]} 49. Nb3 {[%clk 0:39:24]} Kd8 {[%clk 0:18:24]} 50. Nd4
{[%clk 0:39:24]} Bd7 {[%clk 0:18:16]} 51. Nb3 {[%clk 0:39:53]} Be6
{[%clk 0:09:26]} 52. Nc5 {[%clk 0:39:18]} Bf5 {[%clk 0:08:27]} 53. Nb3
{[%clk 0:38:21]} Kd7 {[%clk 0:08:19]} 54. Nd4 {[%clk 0:38:50]} Be6
{[%clk 0:08:48]} 55. Nxb5 {[%clk 0:39:10]} Bc4 {[%clk 0:09:18]} 56. Nd4
{[%clk 0:34:04]} Kxd6 {[%clk 0:09:35]} 57. f4 {[%clk 0:28:36]} exf3
{[%clk 0:02:39]} 58. Nxf3 {[%clk 0:25:43]} g4 {[%clk 0:02:56]} 59. Nd2
{[%clk 0:25:55]} Kd5 {[%clk 0:03:04]} 60. Kf4 {[%clk 0:26:16]} Bd3
{[%clk 0:03:24]} 61. Ke3 {[%clk 0:23:52]} Bh7 {[%clk 0:02:29]} 62. Kf4
{[%clk 0:24:21]} Bg6 {[%clk 0:02:40]} 63. Nf1 {[%clk 0:23:27]} Bd3
{[%clk 0:00:43]} 64. Ng3 {[%clk 0:23:32]} Bg6 {[%clk 0:01:03]} 65. Nf1
{[%clk 0:24:01]} Kc5 {[%clk 0:01:18]} 66. Ne3 {[%clk 0:24:02]} Bd3
{[%clk 0:01:24]} 67. Kg3 {[%clk 0:24:20]} Kd6 {[%clk 0:00:42]} 68. Kf4
{[%clk 0:24:48]} Ke6 {[%clk 0:01:12]} 69. Nd1 {[%clk 0:23:56]} Bg6
{[%clk 0:00:35]} 70. Ne3 {[%clk 0:24:16]} Kd6 {[%clk 0:00:49]} 71. Nc4+
{[%clk 0:23:39]} Kc6 {[%clk 0:00:37]} 72. Ne3 {[%clk 0:24:07]} Kc5
{[%clk 0:00:44]} 73. Kg3 {[%clk 0:24:35]} Bf7 {[%clk 0:00:36]} 74. Kf4
{[%clk 0:24:56]} Be6 {[%clk 0:00:36]} 75. Nf1 {[%clk 0:25:02]} Kc4
{[%clk 0:00:50]} 76. Ng3 {[%clk 0:25:30]} Bf7 {[%clk 0:00:58]} 77. Ne4
{[%clk 0:25:59]} Bg6 {[%clk 0:00:36]} 78. Nxf6 {[%clk 0:26:26]} Kxc3
{[%clk 0:00:56]} 79. Nxg4 {[%clk 0:26:51]} 1/2-1/2

[Event "World Chess Olympiad 2018"]
[Site "Batumi"]
[Date "2018.09.27"]
[Round "4"]
[Board "1"]
[WhiteFideId "6351921"]
[White "Saraci Nderim"]
[BlackFideId "503142"]
[Black "Nyback Tomi"]
[Result "1/2-1/2"]
[LiveChessVersion "1.4.8"]
[BlackElo "2579"]
[WhiteElo "2408"]

1. d4 {[%clk 1:30:53]} Nf6 {[%clk 1:30:55]} 2. Nf3 {[%clk 1:31:14]} g6
{[%clk 1:31:18]} 3. c4 {[%clk 1:31:14]} Bg7 {[%clk 1:31:41]} 4. Nc3
{[%clk 1:31:34]} d5 {[%clk 1:32:03]} 5. Bg5 {[%clk 1:26:25]} Ne4 {[%clk 1:31:17]}
6. Bf4 {[%clk 1:26:00]} Nxc3 {[%clk 1:31:22]} 7. bxc3 {[%clk 1:26:21]} c5
{[%clk 1:30:58]} 8. e3 {[%clk 1:25:44]} Nc6 {[%clk 1:30:53]} 9. cxd5
{[%clk 1:23:35]} Qxd5 {[%clk 1:31:14]} 10. Be2 {[%clk 1:22:06]} cxd4
{[%clk 1:31:23]} 11. cxd4 {[%clk 1:22:14]} Qa5+ {[%clk 1:31:45]} 12. Qd2
{[%clk 1:20:36]} O-O {[%clk 1:30:31]} 13. Qxa5 {[%clk 1:01:03]} Nxa5
{[%clk 1:30:46]} 14. Bc7 {[%clk 1:00:45]} b6 {[%clk 1:01:24]} 15. Kd2
{[%clk 0:59:24]} Bb7 {[%clk 0:55:47]} 16. Rhc1 {[%clk 0:50:50]} Rac8
{[%clk 0:52:46]} 17. Bb5 {[%clk 0:49:46]} Nc6 {[%clk 0:43:34]} 18. Bxc6
{[%clk 0:46:35]} Rxc7 {[%clk 0:43:46]} 19. Bxb7 {[%clk 0:46:58]} Rxb7
{[%clk 0:44:09]} 20. Rc6 {[%clk 0:46:28]} Rd7 {[%clk 0:31:01]} 21. Ke2
{[%clk 0:44:24]} Rfd8 {[%clk 0:30:48]} 22. Rac1 {[%clk 0:43:43]} Kf8
{[%clk 0:30:57]} 23. R1c2 {[%clk 0:41:53]} Ke8 {[%clk 0:31:03]} 24. a4
{[%clk 0:29:45]} Rd5 {[%clk 0:17:30]} 25. Rc7 {[%clk 0:28:46]} R8d7
{[%clk 0:17:39]} 26. Rc8+ {[%clk 0:24:42]} Rd8 {[%clk 0:18:02]} 27. R8c7
{[%clk 0:24:44]} R8d7 {[%clk 0:18:22]} 28. Rc8+ {[%clk 0:16:15]} Rd8
{[%clk 0:18:10]} 29. R8c7 {[%clk 0:16:36]} R8d7 {[%clk 0:18:33]} 30. Rc8+
{[%clk 0:16:55]} Rd8 {[%clk 0:18:58]} 1/2-1/2

[Event "World Chess Olympiad 2018"]
[Site "Batumi"]
[Date "2018.09.27"]
[Round "4"]
[Board "2"]
[WhiteFideId "501840"]
[White "Agopov Mikael"]
[BlackFideId "937576"]
[Black "Ondozi Murtez"]
[Result "0-1"]
[LiveChessVersion "1.4.8"]
[BlackElo "2402"]
[WhiteElo "2447"]

1. e4 {[%clk 1:30:57]} c5 {[%clk 1:30:29]} 2. Nf3 {[%clk 1:31:24]} e6
{[%clk 1:30:27]} 3. d4 {[%clk 1:31:49]} cxd4 {[%clk 1:30:53]} 4. Nxd4
{[%clk 1:32:17]} a6 {[%clk 1:31:17]} 5. Bd3 {[%clk 1:32:23]} Qc7 {[%clk 1:31:37]}
6. Qe2 {[%clk 1:32:36]} d6 {[%clk 1:31:40]} 7. c4 {[%clk 1:27:47]} Nf6
{[%clk 1:31:56]} 8. Nc3 {[%clk 1:28:10]} Nbd7 {[%clk 1:32:16]} 9. O-O
{[%clk 1:28:28]} Ne5 {[%clk 1:32:29]} 10. Nf3 {[%clk 1:16:45]} Nxd3
{[%clk 1:30:06]} 11. Qxd3 {[%clk 1:16:49]} b6 {[%clk 1:30:18]} 12. Bf4
{[%clk 1:06:01]} Bb7 {[%clk 1:27:32]} 13. Rfd1 {[%clk 1:06:17]} Rc8
{[%clk 1:27:35]} 14. Bxd6 {[%clk 1:02:59]} Bxd6 {[%clk 1:27:50]} 15. Qxd6
{[%clk 1:03:26]} Nxe4 {[%clk 1:27:58]} 16. Nxe4 {[%clk 0:58:56]} Bxe4
{[%clk 1:25:22]} 17. Ne5 {[%clk 0:58:43]} b5 {[%clk 0:43:35]} 18. Qd4
{[%clk 0:49:36]} f6 {[%clk 0:36:41]} 19. cxb5 {[%clk 0:26:52]} Bc2
{[%clk 0:23:42]} 20. Qg4 {[%clk 0:09:05]} f5 {[%clk 0:18:39]} 21. Qh5+
{[%clk 0:06:02]} g6 {[%clk 0:19:00]} 22. Qe2 {[%clk 0:06:24]} Bxd1
{[%clk 0:17:46]} 23. Rxd1 {[%clk 0:06:52]} O-O {[%clk 0:15:37]} 24. b6
{[%clk 0:02:08]} Qc2 {[%clk 0:09:48]} 25. Qxc2 {[%clk 0:02:33]} Rxc2
{[%clk 0:10:17]} 26. Nd7 {[%clk 0:02:57]} Rxb2 {[%clk 0:08:38]} 27. Nxf8
{[%clk 0:03:21]} Kxf8 {[%clk 0:09:06]} 28. g3 {[%clk 0:03:17]} Ke7
{[%clk 0:09:10]} 29. Rc1 {[%clk 0:03:11]} Rxb6 {[%clk 0:09:28]} 30. Rc7+
{[%clk 0:03:00]} Kf6 {[%clk 0:09:40]} 31. Ra7 {[%clk 0:01:42]} h6
{[%clk 0:09:41]} 32. h4 {[%clk 0:02:05]} g5 {[%clk 0:10:01]} 33. hxg5+
{[%clk 0:02:26]} hxg5 {[%clk 0:10:30]} 34. a4 {[%clk 0:02:19]} g4
{[%clk 0:10:55]} 35. a5 {[%clk 0:02:46]} Rc6 {[%clk 0:11:16]} 36. Kf1
{[%clk 0:01:17]} Ke5 {[%clk 0:11:41]} 37. Ke2 {[%clk 0:01:44]} Ke4
{[%clk 0:11:42]} 38. Rb7 {[%clk 0:01:49]} e5 {[%clk 0:10:35]} 39. Rb2
{[%clk 0:01:08]} Rc5 {[%clk 0:10:37]} 40. Ra2 {[%clk 0:31:34]} Kd4
{[%clk 0:40:18]} 41. f3 {[%clk 0:31:47]} gxf3+ {[%clk 0:36:06]} 42. Kxf3
{[%clk 0:32:09]} Rc3+ {[%clk 0:34:32]} 43. Kf2 {[%clk 0:32:35]} e4
{[%clk 0:34:21]} 44. Rd2+ {[%clk 0:29:08]} Rd3 {[%clk 0:34:29]} 45. Ra2
{[%clk 0:29:30]} Rf3+ {[%clk 0:34:49]} 46. Kg2 {[%clk 0:29:55]} Rb3
{[%clk 0:35:09]} 47. Rd2+ {[%clk 0:29:50]} Rd3 {[%clk 0:34:09]} 48. Rf2
{[%clk 0:29:55]} Ke5 {[%clk 0:34:28]} 49. Ra2 {[%clk 0:28:57]} Rd5
{[%clk 0:34:43]} 50. Ra4 {[%clk 0:28:28]} Rd2+ {[%clk 0:35:02]} 51. Kf1
{[%clk 0:28:53]} Rd4 {[%clk 0:34:13]} 52. Ra2 {[%clk 0:29:12]} e3
{[%clk 0:34:08]} 53. Rc2 {[%clk 0:28:11]} Ke4 {[%clk 0:34:26]} 54. Ke1
{[%clk 0:27:26]} Rd5 {[%clk 0:34:26]} 55. Ke2 {[%clk 0:27:25]} Rd2+
{[%clk 0:34:50]} 0-1